000 00528nam a22001817a 4500
003 CEME
005 20210628210631.0
008 210105b xxu||||| |||| 00| 0 eng d
020 _a0071241523
040 _c.
082 _a621.38152 AND
100 _aAnderson, Betty Lise, Adnreson, Richard.L
_980278
245 _aFundamentals of semiconductor devices
260 _aSINGAPORE
_bMCGRAW HILL
_c2005
300 _aXIV, 800P
650 _aSEMICONDUCTOR DEVICES.FUNDAMENTALS OF SEMICONDUCTOR DEVICES
_980279
942 _cBK
_2ddc
999 _c585221
_d585221